| 000 | 00423nam a2200169Ia 4500 | ||
|---|---|---|---|
| 008 | 220531s9999 xx 000 0 und d | ||
| 041 | _aeng | ||
| 082 | _bDAS | ||
| 100 |
_aDastane _931771 |
||
| 245 | _aBharatiy Arthavyavastha Ani Maharashtrachi Arthvyavastha | ||
| 260 |
_bSeth _c1992 |
||
| 300 | _a249 | ||
| 542 | _d01-01-2010 | ||
| 650 |
_aEconomics _931772 |
||
| 906 |
_d2009-2010 _d2014-2015 |
||
| 999 |
_c19856 _d19856 |
||